'Best Practice' construction delivers £360 million profits (Record no. 72046)

MARC details
000 -LEADER
fixed length control field 01176cam a2200217 4500
001 - CONTROL NUMBER
control field X121230
008 - FIXED-LENGTH DATA ELEMENTS--GENERAL INFORMATION
fixed length control field 030204n2003 000 0 eng u
035 ## - SYSTEM CONTROL NUMBER
System control number (Sirsi) u121230
245 ## - TITLE STATEMENT
Title 'Best Practice' construction delivers £360 million profits
260 ## - PUBLICATION, DISTRIBUTION, ETC.
Date of publication, distribution, etc. 2003
490 ## - SERIES STATEMENT
Series statement DTI Press Release
Volume/sequential designation (2003/68) 3 February 2003 (2)
520 ## - SUMMARY, ETC.
Summary, etc. Construction Minister Brian Wilson announces that firms which used the Construction Best Practice (CBP) service gained an average 12 working days and achieved savings of £3 300. These firms which improved their management practice also increased their profits by £362m in the last four years. CBP also helped achieve an 11% increase in satisfaction over the rest of the industry and 30% of projects reported fewer or no defects. For the DTI press release: http://www.gnn.gov.uk/gnn/national.nsf/Daily+News/6FB7CE609838AE6880256CC20051BC0A?opendocument
590 ## - LOCAL NOTE (RLIN)
Local note WB
650 ## - SUBJECT ADDED ENTRY--TOPICAL TERM
Topical term or geographic name entry element CONSTRUCTION BEST PRACTICE PROGRAMME
650 ## - SUBJECT ADDED ENTRY--TOPICAL TERM
Topical term or geographic name entry element CONSTRUCTION STANDARDS
650 ## - SUBJECT ADDED ENTRY--TOPICAL TERM
Topical term or geographic name entry element CONSTRUCTION INDUSTRY
650 ## - SUBJECT ADDED ENTRY--TOPICAL TERM
Topical term or geographic name entry element INVESTMENT
650 ## - SUBJECT ADDED ENTRY--TOPICAL TERM
Topical term or geographic name entry element MANAGEMENT PRACTICES
690 ## - LOCAL SUBJECT ADDED ENTRY--TOPICAL TERM (OCLC, RLIN)
Topical term or geographic name as entry element BUILDING AND CONSTRUCTION-MANAGEMENT
942 ## - ADDED ENTRY ELEMENTS (KOHA)
Suppress in OPAC 0
Holdings
Withdrawn status Lost status Source of classification or shelving scheme Damaged status Not for loan Home library Current library Shelving location Date acquired Total Checkouts Full call number Barcode Date last seen Copy number Price effective from Koha item type
    Dewey Decimal Classification     London London News article 04/02/2003   X121230 121230-1001 06/08/2019 1 06/08/2019 News article